| 000 | 00673cam a2200205 i 4500 | ||
|---|---|---|---|
| 999 |
_c57374 _d57374 |
||
| 001 | 18829372 | ||
| 003 | GE_BSU | ||
| 005 | 20220928115337.0 | ||
| 008 | 151023s2016 enka b 001 0 eng | ||
| 020 | _a9780199656103 | ||
| 020 | _a9780198832003 | ||
| 080 | _a616(075.8) O - 97 | ||
| 245 | 0 | 0 |
_aOxford textbook of oncology / _cedited by David J. Kerr [and three others]. |
| 250 | _aThird edition. | ||
| 264 | 1 |
_aOxford, United Kingdom : _bOxford University Press, _c2016. |
|
| 300 |
_a1007 pages : _billustrations (chiefly color) ; _c29 cm. |
||
| 653 | _aსიმსივნე | ||
| 700 | 1 |
_aKerr, David J., _eრედაქტორი _98362 |
|
| 942 |
_2udc _cBK |
||